UM Logo

Sociology: (Record no. 8307)

MARC details
000 -LEADER
fixed length control field 00584nam a2200169 4500
008 - FIXED-LENGTH DATA ELEMENTS--GENERAL INFORMATION
fixed length control field 180118b xxu||||| |||| 00| 0 eng d
020 ## - INTERNATIONAL STANDARD BOOK NUMBER
International Standard Book Number 0-669-612523-4
082 ## - DEWEY DECIMAL CLASSIFICATION NUMBER
Edition number 1973
Classification number DC 301
Item number D 65
100 ## - MAIN ENTRY--PERSONAL NAME
9 (RLIN) 25687
Personal name Doby, John T.
245 ## - TITLE STATEMENT
Title Sociology:
Remainder of title the study of man in adaption/
Statement of responsibility, etc. John T. Doby, Alvin Boskoff, and William W. Pendleton.
260 ## - PUBLICATION, DISTRIBUTION, ETC. (IMPRINT)
Place of publication, distribution, etc. Lexington, Massachusetts:
Name of publisher, distributor, etc. D.C. Heath and Company,
Date of publication, distribution, etc. ©1973.
300 ## - PHYSICAL DESCRIPTION
Extent 578 pages:
Other physical details illustration;
Dimensions 24 cm.
500 ## - GENERAL NOTE
General note Includes index.
650 #0 - SUBJECT ADDED ENTRY--TOPICAL TERM
9 (RLIN) 25689
Topical term or geographic name as entry element Social conditions
700 ## - ADDED ENTRY--PERSONAL NAME
9 (RLIN) 25693
Personal name Doby, John T.
942 ## - ADDED ENTRY ELEMENTS (KOHA)
Source of classification or shelving scheme Dewey Decimal Classification
Koha item type Circulation
Holdings
Withdrawn status Lost status Source of classification or shelving scheme Damaged status Not for loan Collection code Home library Current library Date acquired Source of acquisition Total Checkouts Full call number Barcode Date last seen Copy number Price effective from Koha item type
    Dewey Decimal Classification     Circulation UM Digos College - LIC UM Digos College - LIC   Purchased   DC 301 D 65 4070 05/15/2025 2 01/18/2018 Circulation
    Dewey Decimal Classification     Circulation UM Digos College - LIC UM Digos College - LIC   Purchased   DC 301 D 65 1973 4069 05/15/2025 1 01/18/2018 Circulation